=LDR 00000nam 2200000 4500 =001 INLIS000000000012252 =005 20130612103804 =008 ***********************************Ind** =035 ##$$0010-061300000012252 =041 ##$$a Ind =082 ##$$a 583.37 =090 ##$$a 583.37, Ruk m =100 ##$$a Rukmana, Rahmat =245 ##$$a Mawar, Rahmat Rukmana =260 ##$$a 1995 $b Yogyakarta =300 ##$$a 63 hlm, Ilus, 21 cm =650 ##$$a Bunga =850 ##$$a NBPNMAT =990 ##$$a 0001/BPAP-NTB/2016